Book-keeping and accountancy (Record no. 5353)
[ view plain ]
| 000 -LEADER | |
|---|---|
| fixed length control field | 00572cam a2200217ua 4500 |
| 001 - CONTROL NUMBER | |
| control field | 6206 |
| 005 - DATE AND TIME OF LATEST TRANSACTION | |
| control field | 20260515114018.0 |
| 008 - FIXED-LENGTH DATA ELEMENTS--GENERAL INFORMATION | |
| fixed length control field | 131121n ii |||gr||||Z||||||eng |
| 020 ## - INTERNATIONAL STANDARD BOOK NUMBER | |
| International Standard Book Number | 81-7096-780-5 |
| 040 ## - CATALOGING SOURCE | |
| Transcribing agency | MAIN |
| 082 ## - DEWEY DECIMAL CLASSIFICATION NUMBER | |
| Classification number | 657 |
| 245 ## - TITLE STATEMENT | |
| Title | Book-keeping and accountancy |
| Statement of responsibility, etc. | By C. Mohan Juneja |
| 260 ## - PUBLICATION, DISTRIBUTION, ETC. | |
| Place of publication, distribution, etc. | Ludhiana: |
| Name of publisher, distributor, etc. | Kalyani Publishers, |
| Date of publication, distribution, etc. | 1991. |
| 300 ## - PHYSICAL DESCRIPTION | |
| Extent | x,652p. |
| 653 ## - INDEX TERM--UNCONTROLLED | |
| Uncontrolled term | Commerce |
| 653 ## - INDEX TERM--UNCONTROLLED | |
| Uncontrolled term | Book-keeping and accountancy |
| 700 ## - ADDED ENTRY--PERSONAL NAME | |
| Personal name | Juneja,C. Mohan, |
| Relator term | Author., |
| 700 ## - ADDED ENTRY--PERSONAL NAME | |
| Personal name | Chawla,R.C., |
| Relator term | Author. |
| 700 ## - ADDED ENTRY--PERSONAL NAME | |
| Personal name | Saksena,K.K, |
| Relator term | Author. |
| 942 ## - ADDED ENTRY ELEMENTS (KOHA) | |
| Koha item type | Books |
| Withdrawn status | Lost status | Damaged status | Not for loan | Home library | Current library | Shelving location | Date acquired | Total checkouts | Full call number | Barcode | Date last seen | Copy number | Price effective from | Koha item type |
|---|---|---|---|---|---|---|---|---|---|---|---|---|---|---|
| Naharkatiya College Library | Naharkatiya College Library | General stacks | 09/19/2020 | 657 | JUN | 13979 | 09/19/2020 | 2 | 09/19/2020 | Books | |||||
| Naharkatiya College Library | Naharkatiya College Library | General stacks | 09/19/2020 | 657 | JUN | 13981 | 09/19/2020 | 3 | 09/19/2020 | Books | |||||
| Naharkatiya College Library | Naharkatiya College Library | General stacks | 09/19/2020 | 657 | JUN | 13983 | 09/19/2020 | 1 | 09/19/2020 | Books |